Distribution of high fatty acids in lipids of hevea latex and its relation to mechanical stability (Record no. 46311)

MARC details
000 -LEADER
fixed length control field 00599nam a2200181Ia 4500
100 ## - MAIN ENTRY--AUTHOR NAME
Personal name Qin-Xiu Z
245 #0 - TITLE STATEMENT
Title Distribution of high fatty acids in lipids of hevea latex and its relation to mechanical stability
260 ## - PUBLICATION, DISTRIBUTION, ETC. (IMPRINT)
Name of publisher South China Tropical Crops Products Processing and Designing Research Institute Publication (Details not available)
300 ## - PHYSICAL DESCRIPTION
Number of Pages 8p
520 ## - SUMMARY, ETC.
Summary, etc Details not available
650 ## - SUBJECT ADDED ENTRY--TOPICAL TERM
Topical Term Fatty acid
650 ## - SUBJECT ADDED ENTRY--TOPICAL TERM
Topical Term Hevea latex
650 ## - SUBJECT ADDED ENTRY--TOPICAL TERM
Topical Term Lipids
650 ## - SUBJECT ADDED ENTRY--TOPICAL TERM
Topical Term Mechanical stability
700 ## - ADDED ENTRY--PERSONAL NAME
Personal name Li-Qiang Y
942 ## - ADDED ENTRY ELEMENTS (KOHA)
Koha item type Reprints
Holdings
Withdrawn status Lost status Damaged status Not for loan Home library Current library Date acquired Koha item type
      Reprints RRII Library RRII Library 22/12/2021 Reprints